=LDR 00000nam 2200000 4500 =001 INLIS000000000017363 =005 20130612112550 =008 ***********************************Ind** =035 ##$$0010-061300000017363 =041 ##$$a Ind =082 ##$$a 503 =090 ##$$a 503, Enc e =245 ##$$a Encyclopedia of science and technologi, Editor, RP Jain =260 ##$$a 2004 $b New Delhi =300 ##$$a 255 hlm, 21 cm =650 ##$$a Sains-Ensiklopedia =850 ##$$a NBPNMAT